[Event "20. Obert Int. Sant Marti 2018"]
[Site "Barcelona ESP"]
[Date "2018.07.18"]
[Round "6.35"]
[White "Rueda Marquez, David J."]
[Black "Haak, Eelco"]
[Result "0-1"]
[WhiteElo "2110"]
[BlackElo "2015"]
[PlyCount "86"]
[EventDate "2018.07.13"]
[EventType "swiss"]
[EventRounds "9"]
[EventCountry "ESP"]
[SourceTitle "Ajedrez en Madrid"]
[Source "lmi"]
[SourceDate "2018.07.13"]
[SourceVersion "1"]
[SourceVersionDate "2019.06.21"]
[SourceQuality "1"]

1. b3 Nf6 2. Bb2 g6 3. Nf3 Bg7 4. g3 O-O 5. c4 d6 6. Bg2 e5 7. O-O c6 8. d3 h6
9. c5 Re8 10. cxd6 Qxd6 11. Na3 b5 12. Rc1 Bb7 13. Qc2 Nbd7 14. Rfd1 a6 15. d4
e4 16. Ne5 Rac8 17. Nb1 Qe6 18. Nc3 c5 19. Nxd7 cxd4 20. Nxf6+ Bxf6 21. Bxe4
Bxe4 22. Nxe4 Rxc2 23. Nxf6+ Qxf6 24. Rxc2 Qf5 25. Rcd2 Qh5 26. Bxd4 Rxe2 27.
Bf6 Rxd2 28. Rxd2 Kh7 29. Rd6 a5 30. Bd4 Qf5 31. Rd8 g5 32. Kg2 Qe4+ 33. Kg1
Kg6 34. Rd6+ Kh7 35. Rd8 g4 36. a4 b4 37. Be3 Qb1+ 38. Kg2 Qxb3 39. h3 gxh3+
40. Kxh3 Qe6+ 41. Kg2 b3 42. Bd4 f6 43. f4 Qe7 0-1

[Event "20. Obert Int. Sant Marti 2018"]
[Site "Barcelona ESP"]
[Date "2018.07.18"]
[Round "6.36"]
[White "Segarra Calderer, Albert"]
[Black "Supriya, Joshi"]
[Result "0-1"]
[WhiteElo "2095"]
[BlackElo "1941"]
[PlyCount "100"]
[EventDate "2018.07.13"]
[EventType "swiss"]
[EventRounds "9"]
[EventCountry "ESP"]
[SourceTitle "Ajedrez en Madrid"]
[Source "lmi"]
[SourceDate "2018.07.13"]
[SourceVersion "1"]
[SourceVersionDate "2019.06.21"]
[SourceQuality "1"]

1. c4 Nf6 2. Nc3 g6 3. g3 Bg7 4. Bg2 O-O 5. e4 d6 6. Nge2 c5 7. O-O Nc6 8. d3
Ne8 9. Be3 Nc7 10. d4 cxd4 11. Nxd4 Ne6 12. Nxc6 bxc6 13. Qd2 Ba6 14. b3 Qa5
15. Rac1 Rfd8 16. Bh6 Bxh6 17. Qxh6 Rab8 18. h4 Bb7 19. Kh2 Qc5 20. Qd2 Kg7 21.
f4 Qd4 22. Qe2 Qc5 23. Na4 Qa3 24. Qe3 d5 25. exd5 cxd5 26. f5 Nf8 27. h5 d4
28. Qf2 f6 29. Rcd1 Bxg2 30. Kxg2 Qd6 31. Rfe1 e5 32. fxe6 Nxe6 33. h6+ Kf7 34.
Nb2 a5 35. Nd3 Rf8 36. Re5 Kg8 37. Rd5 Qc6 38. Kg1 Ng5 39. Nf4 a4 40. Rd3 axb3
41. axb3 Ra8 42. R3xd4 Rfe8 43. Kh2 Ra1 44. Qg2 Qb6 45. Rd7 Qxb3 46. Rd8 Nf3+
47. Kh3 Rg1 48. Rxe8+ Kf7 49. Qf2 Rh1+ 50. Kg2 Rh2+ 0-1

[Event "20. Obert Int. Sant Marti 2018"]
[Site "Barcelona ESP"]
[Date "2018.07.18"]
[Round "6.37"]
[White "Miralles Brugues, Jordi"]
[Black "Jaeel, Atharva"]
[Result "0-1"]
[WhiteElo "2011"]
[BlackElo "2083"]
[PlyCount "124"]
[EventDate "2018.07.13"]
[EventType "swiss"]
[EventRounds "9"]
[EventCountry "ESP"]
[SourceTitle "Ajedrez en Madrid"]
[Source "lmi"]
[SourceDate "2018.07.13"]
[SourceVersion "1"]
[SourceVersionDate "2019.06.21"]
[SourceQuality "1"]

1. d4 Nf6 2. Bf4 e6 3. e3 c5 4. c3 cxd4 5. exd4 Be7 6. Bd3 O-O 7. Nd2 a6 8. h3
d6 9. Ngf3 Nbd7 10. O-O b6 11. Re1 Bb7 12. Bh2 Ra7 13. Ne4 Nxe4 14. Bxe4 Nf6
15. Bxb7 Rxb7 16. Qd3 b5 17. Nd2 d5 18. a3 Qb6 19. b4 Qc6 20. Nb3 Ra7 21. Nc5
Rfa8 22. a4 bxa4 23. Nxa4 Qb5 24. Nb2 Ne4 25. Rec1 Qxd3 26. Nxd3 a5 27. f3 Nd2
28. Ra2 Nc4 29. Rca1 Bd8 30. Ne5 Nxe5 31. Bxe5 Bb6 32. Bd6 axb4 33. Rxa7 Bxa7
34. Kf1 bxc3 35. Ke2 c2 36. Bf4 Kf8 37. Kd3 Rc8 38. Rxa7 c1=Q 39. Bxc1 Rxc1 40.
Ra2 Ke7 41. Ke3 Kd7 42. h4 h5 43. Ra7+ Rc7 44. Ra8 Rc2 45. Ra7+ Ke8 46. g3 Kf8
47. Kf4 f6 48. g4 hxg4 49. fxg4 Re2 50. Ra4 Re4+ 51. Kf3 Kf7 52. h5 Kg8 53.
Ra8+ Kh7 54. Re8 Kh6 55. Re7 g6 56. hxg6 Kxg6 57. Kg3 f5 58. gxf5+ Kxf5 59.
Rf7+ Kg6 60. Rf4 Rxf4 61. Kxf4 Kf6 62. Ke3 Kg5 0-1

[Event "20. Obert Int. Sant Marti 2018"]
[Site "Barcelona ESP"]
[Date "2018.07.18"]
[Round "6.38"]
[White "Borrellas Comellas, Josep"]
[Black "Varela Cuadrado, Cesar"]
[Result "0-1"]
[WhiteElo "2080"]
[BlackElo "1856"]
[PlyCount "134"]
[EventDate "2018.07.13"]
[EventType "swiss"]
[EventRounds "9"]
[EventCountry "ESP"]
[SourceTitle "Ajedrez en Madrid"]
[Source "lmi"]
[SourceDate "2018.07.13"]
[SourceVersion "1"]
[SourceVersionDate "2019.06.21"]
[SourceQuality "1"]

1. e4 d5 2. exd5 Qxd5 3. Nc3 Qd6 4. d4 Nf6 5. Nf3 c6 6. Be2 Bf5 7. O-O Nbd7 8.
Re1 e6 9. Bg5 Be7 10. Bh4 Qc7 11. Bg3 Bd6 12. Bxd6 Qxd6 13. Qd2 O-O 14. a3 Rad8
15. Rad1 Bg4 16. h3 Bxf3 17. Bxf3 Nb6 18. Qe2 Qf4 19. g3 Qc7 20. b3 Rd7 21. Ne4
Nxe4 22. Bxe4 Nd5 23. Bxd5 cxd5 24. Rd2 a6 25. a4 Rc8 26. Kf1 Qd8 27. Qe5 Rdc7
28. Ree2 Qe7 29. h4 Rc6 30. Kg2 h6 31. Qxd5 Rxc2 32. Rxc2 Rxc2 33. Qe4 Rxe2 34.
Qxe2 Qd6 35. Qc4 Qd7 36. f4 h5 37. Qc5 g6 38. Kf3 Kg7 39. Ke4 f6 40. d5 e5 41.
d6 Qf5+ 42. Ke3 exf4+ 43. Kd4 Qxc5+ 44. Kxc5 fxg3 45. d7 g2 46. d8=Q g1=Q+ 47.
Kb4 Qe1+ 48. Ka3 Qxh4 49. Qe7+ Kh6 50. Qxb7 a5 51. Qb5 Qg5 52. b4 axb4+ 53.
Qxb4 h4 54. a5 h3 55. a6 Qc1+ 56. Ka2 Qc2+ 57. Ka1 Qd1+ 58. Kb2 Qe2+ 59. Kb1
Qxa6 60. Qh4+ Kg7 61. Qxh3 Qb5+ 62. Kc1 Qc4+ 63. Kd2 Qd4+ 64. Kc2 f5 65. Qh2
Qe4+ 66. Kd2 Kf6 67. Qh8+ Kg5 0-1

[Event "20. Obert Int. Sant Marti 2018"]
[Site "Barcelona ESP"]
[Date "2018.07.18"]
[Round "6.39"]
[White "Jijo, Joy"]
[Black "Brunet Gil, Pol"]
[Result "1-0"]
[WhiteElo "1969"]
[BlackElo "2052"]
[PlyCount "89"]
[EventDate "2018.07.13"]
[EventType "swiss"]
[EventRounds "9"]
[EventCountry "ESP"]
[SourceTitle "Ajedrez en Madrid"]
[Source "lmi"]
[SourceDate "2018.07.13"]
[SourceVersion "1"]
[SourceVersionDate "2019.06.21"]
[SourceQuality "1"]

1. e4 c5 2. Nf3 Nc6 3. d4 cxd4 4. Nxd4 e5 5. Nb5 a6 6. Nd6+ Bxd6 7. Qxd6 Qf6 8.
Qxf6 Nxf6 9. Nc3 Nb4 10. Bd3 Nxd3+ 11. cxd3 h6 12. f3 d6 13. Be3 Be6 14. d4 O-O
15. d5 Bd7 16. Kf2 Rfc8 17. Rac1 b5 18. g4 h5 19. h3 g6 20. Ne2 Rxc1 21. Rxc1
Rc8 22. Ke1 hxg4 23. hxg4 Kf8 24. Kd2 Rxc1 25. Nxc1 Ne8 26. Kc3 f5 27. gxf5
gxf5 28. Bg5 f4 29. Kb4 Bh3 30. Nb3 Ng7 31. Bh6 Kf7 32. Bxg7 Kxg7 33. Ka5 Kf7
34. Kxa6 Bf1 35. Nd2 Be2 36. Kb6 Ke7 37. Kc7 Bd1 38. b3 Bc2 39. Kc6 Bd3 40. a4
bxa4 41. bxa4 Be2 42. a5 Bd3 43. Kb7 Kd7 44. a6 Bxa6+ 45. Kxa6 1-0

[Event "20. Obert Int. Sant Marti 2018"]
[Site "Barcelona ESP"]
[Date "2018.07.18"]
[Round "6.40"]
[White "Nigalidze, Zviad"]
[Black "Palacin Martin, Ricardo"]
[Result "0-1"]
[WhiteElo "1968"]
[BlackElo "2044"]
[PlyCount "101"]
[EventDate "2018.07.13"]
[EventType "swiss"]
[EventRounds "9"]
[EventCountry "ESP"]
[SourceTitle "Ajedrez en Madrid"]
[Source "lmi"]
[SourceDate "2018.07.13"]
[SourceVersion "1"]
[SourceVersionDate "2019.06.21"]
[SourceQuality "1"]

1. e4 c5 2. c3 Nf6 3. e5 Nd5 4. d4 cxd4 5. cxd4 e6 6. Nf3 Bb4+ 7. Nbd2 Nc6 8.
a3 Qa5 9. Bc4 Nde7 10. O-O Bxd2 11. Bxd2 Qb6 12. Bc3 a6 13. b4 Qc7 14. Qc2 O-O
15. Bd3 g6 16. Qd2 f5 17. exf6 Nd5 18. Bc4 Nxc3 19. Qxc3 d5 20. Bb3 Rxf6 21.
Ne5 Bd7 22. Rac1 Qd8 23. f4 Rf8 24. Rf3 Rc8 25. Qd2 Nxd4 26. Rxc8 Nxf3+ 27.
Nxf3 Qxc8 28. g4 Be8 29. Ng5 Bf7 30. f5 Rd8 31. Nxf7 Kxf7 32. fxg6+ hxg6 33.
Qf4+ Kg7 34. g5 Rf8 35. Qe5+ Kg8 36. Qe3 Qd7 37. Bd1 Qf7 38. Be2 Qf5 39. Bd3
Qg4+ 40. Kh1 Qf3+ 41. Qxf3 Rxf3 42. Bxg6 e5 43. Kg2 e4 44. h4 Kg7 45. Be8 Rf8
46. Bd7 d4 47. b5 d3 48. h5 e3 49. bxa6 bxa6 50. Bc6 e2 51. Be4 0-1

[Event "20. Obert Int. Sant Marti 2018"]
[Site "Barcelona ESP"]
[Date "2018.07.18"]
[Round "6.41"]
[White "Moreno Garcia, Elizabeth Paola"]
[Black "Riu Lopez, Daniel"]
[Result "1/2-1/2"]
[WhiteElo "2029"]
[BlackElo "1920"]
[PlyCount "44"]
[EventDate "2018.07.13"]
[EventType "swiss"]
[EventRounds "9"]
[EventCountry "ESP"]
[SourceTitle "Ajedrez en Madrid"]
[Source "lmi"]
[SourceDate "2018.07.13"]
[SourceVersion "1"]
[SourceVersionDate "2019.06.21"]
[SourceQuality "1"]

1. e4 d5 2. exd5 Qxd5 3. Nc3 Qa5 4. d4 Nf6 5. Bc4 Nc6 6. Nge2 a6 7. a3 e6 8.
Bf4 Bd6 9. O-O O-O 10. d5 exd5 11. Bxd6 cxd6 12. Bxd5 Nxd5 13. Qxd5 Qxd5 14.
Nxd5 Bf5 15. Ne3 Be6 16. Rad1 Rfd8 17. Rd2 Rd7 18. Rfd1 Rad8 19. Nf4 Ne7 20. c4
Kf8 21. Nfd5 Bxd5 22. Nxd5 Nxd5 1/2-1/2

[Event "20. Obert Int. Sant Marti 2018"]
[Site "Barcelona ESP"]
[Date "2018.07.18"]
[Round "6.43"]
[White "Minko, Dmitry"]
[Black "Riu Lopez, Sergi"]
[Result "1-0"]
[WhiteElo "2085"]
[BlackElo "1932"]
[PlyCount "97"]
[EventDate "2018.07.13"]
[EventType "swiss"]
[EventRounds "9"]
[EventCountry "ESP"]
[SourceTitle "Ajedrez en Madrid"]
[Source "lmi"]
[SourceDate "2018.07.13"]
[SourceVersion "1"]
[SourceVersionDate "2019.06.21"]
[SourceQuality "1"]

1. e4 c5 2. Nf3 Nc6 3. d4 cxd4 4. Nxd4 g6 5. c4 Bg7 6. Be3 Nf6 7. Nc3 d6 8. Be2
Bd7 9. O-O O-O 10. Qd2 Nxd4 11. Bxd4 Bc6 12. f3 a5 13. b3 Nd7 14. Be3 Nc5 15.
Rab1 Be5 16. a3 b6 17. Rfc1 Bb7 18. b4 axb4 19. axb4 Nd7 20. c5 bxc5 21. bxc5
Bc6 22. cxd6 Bxd6 23. Nb5 Bxb5 24. Bxb5 Ne5 25. Kh1 Ba3 26. Rd1 Qxd2 27. Rxd2
Rfd8 28. Rxd8+ Rxd8 29. h3 Rb8 30. Rb3 Bd6 31. f4 Nd7 32. e5 Bc5 33. Bd2 e6 34.
Bc4 Rxb3 35. Bxb3 Bf2 36. g4 Nb6 37. Kg2 Bd4 38. Kf3 Kf8 39. Ke4 Bc5 40. f5
gxf5+ 41. gxf5 exf5+ 42. Kxf5 Kg8 43. Bh6 Bf8 44. e6 fxe6+ 45. Bxe6+ Kh8 46.
Bxf8 Na8 47. Kf6 h5 48. Bg7+ Kh7 49. Kf7 1-0

[Event "20. Obert Int. Sant Marti 2018"]
[Site "Barcelona ESP"]
[Date "2018.07.18"]
[Round "6.44"]
[White "Chang, Suzana"]
[Black "Alcaraz Lopez, Francesc"]
[Result "1-0"]
[WhiteElo "2005"]
[BlackElo "1889"]
[PlyCount "69"]
[EventDate "2018.07.13"]
[EventType "swiss"]
[EventRounds "9"]
[EventCountry "ESP"]
[SourceTitle "Ajedrez en Madrid"]
[Source "lmi"]
[SourceDate "2018.07.13"]
[SourceVersion "1"]
[SourceVersionDate "2019.06.21"]
[SourceQuality "1"]

1. e4 d6 2. d4 g6 3. Nf3 Bg7 4. h3 Nf6 5. Nc3 O-O 6. Be3 c5 7. dxc5 Qa5 8. Nd2
dxc5 9. Nb3 Qc7 10. Nxc5 Rd8 11. Bd3 b6 12. Nb3 Bb7 13. Qe2 Nc6 14. O-O Nb4 15.
Rfd1 Nxd3 16. cxd3 Ba6 17. Qc2 Rac8 18. Rac1 Qd7 19. d4 Ne8 20. d5 Nd6 21. Nd4
Nc4 22. Bf4 Bxd4 23. Rxd4 e5 24. Rxc4 Rxc4 25. Bxe5 Qe7 26. Bf4 Rdc8 27. Qd2
Re8 28. Re1 Bb7 29. e5 f5 30. e6 Qc5 31. Rd1 b5 32. Be3 Qb4 33. d6 Bc6 34. d7
Rd8 35. Bg5 1-0

[Event "20. Obert Int. Sant Marti 2018"]
[Site "Barcelona ESP"]
[Date "2018.07.18"]
[Round "6.45"]
[White "Ghelani, Dhairya"]
[Black "Niklesh, Kumar Jain"]
[Result "1-0"]
[WhiteElo "1778"]
[BlackElo "1955"]
[PlyCount "71"]
[EventDate "2018.07.13"]
[EventType "swiss"]
[EventRounds "9"]
[EventCountry "ESP"]
[SourceTitle "Ajedrez en Madrid"]
[Source "lmi"]
[SourceDate "2018.07.13"]
[SourceVersion "1"]
[SourceVersionDate "2019.06.21"]
[SourceQuality "1"]

1. d4 d5 2. c4 e6 3. Nc3 Nf6 4. cxd5 exd5 5. Bg5 c6 6. e3 Be7 7. Bd3 Nbd7 8.
Qc2 h6 9. Bh4 Nh5 10. Bxe7 Qxe7 11. Nge2 Nhf6 12. O-O O-O 13. Rab1 a5 14. a3
Re8 15. Ng3 Nb6 16. b4 axb4 17. axb4 Nc4 18. Bxc4 dxc4 19. b5 Bd7 20. e4 Rec8
21. bxc6 Bxc6 22. Nf5 Qf8 23. d5 Bd7 24. e5 g6 25. Ne3 Ng4 26. e6 Nxe3 27. fxe3
Be8 28. exf7+ Bxf7 29. Rxb7 Qe8 30. Rbxf7 Qxe3+ 31. Kh1 Qd3 32. Qc1 g5 33. R7f3
Qg6 34. Rf6 Qg7 35. Qb1 Rab8 36. Qf5 1-0

[Event "20. Obert Int. Sant Marti 2018"]
[Site "Barcelona ESP"]
[Date "2018.07.18"]
[Round "6.46"]
[White "Magallanes, Gustavo"]
[Black "Pena Mor, David"]
[Result "1-0"]
[WhiteElo "1952"]
[BlackElo "1858"]
[PlyCount "65"]
[EventDate "2018.07.13"]
[EventType "swiss"]
[EventRounds "9"]
[EventCountry "ESP"]
[SourceTitle "Ajedrez en Madrid"]
[Source "lmi"]
[SourceDate "2018.07.13"]
[SourceVersion "1"]
[SourceVersionDate "2019.06.21"]
[SourceQuality "1"]

1. e4 e5 2. Nc3 Nf6 3. g3 d5 4. exd5 Nxd5 5. Bg2 Nb6 6. Nf3 Nc6 7. O-O Bd6 8.
d3 O-O 9. a4 a5 10. Ng5 f5 11. f4 exf4 12. gxf4 Bc5+ 13. Kh1 h6 14. Nf3 Be6 15.
Re1 Rf6 16. Nb5 Nb4 17. d4 Bd6 18. c3 N4d5 19. Ne5 Bxe5 20. dxe5 Rg6 21. Nd4
Qh4 22. Nxe6 Rxe6 23. Bxd5 Nxd5 24. Rf1 Rd8 25. Qe2 c6 26. Bd2 Rf8 27. Qf3 Kh7
28. Rg1 Qd8 29. Rad1 Qb6 30. c4 Nc7 31. Bc3 Re7 32. Rd6 Ne6 33. Qg3 1-0

[Event "20. Obert Int. Sant Marti 2018"]
[Site "Barcelona ESP"]
[Date "2018.07.18"]
[Round "6.47"]
[White "Salvany Rius, Joaquim"]
[Black "Kavisha, S Shah"]
[Result "1-0"]
[WhiteElo "1952"]
[BlackElo "1723"]
[PlyCount "83"]
[EventDate "2018.07.13"]
[EventType "swiss"]
[EventRounds "9"]
[EventCountry "ESP"]
[SourceTitle "Ajedrez en Madrid"]
[Source "lmi"]
[SourceDate "2018.07.13"]
[SourceVersion "1"]
[SourceVersionDate "2019.06.21"]
[SourceQuality "1"]

1. e4 c6 2. d4 d5 3. e5 Bf5 4. Nf3 e6 5. Be2 Nd7 6. O-O Ne7 7. Nbd2 Nc8 8. a4
a6 9. c4 dxc4 10. Nxc4 Ndb6 11. Ne3 Bg6 12. h4 h6 13. Bd3 Bxd3 14. Qxd3 Ne7 15.
h5 Nbd5 16. Qe4 g5 17. g4 Nc8 18. Bd2 Be7 19. Nxd5 Qxd5 20. Qxd5 exd5 21. Ne1
f6 22. Nd3 Nb6 23. b3 O-O-O 24. Ba5 Nd7 25. Bxd8 Kxd8 26. Rac1 Nf8 27. Rce1 Kd7
28. exf6 Bxf6 29. Ne5+ Bxe5 30. Rxe5 Ne6 31. Rd1 Rf8 32. Rd3 Rf4 33. f3 Nxd4
34. Kf2 Ne6 35. Rde3 Nc5 36. Re7+ Kd6 37. Rh7 Rf6 38. b4 Nd7 39. Ree7 Ne5 40.
Rxb7 Nxf3 41. Rhd7+ Ke6 42. Re7+ 1-0

[Event "20. Obert Int. Sant Marti 2018"]
[Site "Barcelona ESP"]
[Date "2018.07.18"]
[Round "6.48"]
[White "Coste, Roman"]
[Black "Houzi Acharki, Hanane"]
[Result "1-0"]
[WhiteElo "1948"]
[BlackElo "1664"]
[PlyCount "79"]
[EventDate "2018.07.13"]
[EventType "swiss"]
[EventRounds "9"]
[EventCountry "ESP"]
[SourceTitle "Ajedrez en Madrid"]
[Source "lmi"]
[SourceDate "2018.07.13"]
[SourceVersion "1"]
[SourceVersionDate "2019.06.21"]
[SourceQuality "1"]

1. d4 Nf6 2. Bf4 g6 3. Nc3 Bg7 4. e4 d6 5. Qd2 O-O 6. Bh6 c5 7. d5 a6 8. h4
Bxh6 9. Qxh6 Ng4 10. Qd2 f6 11. Be2 Kg7 12. a4 Qa5 13. Bxg4 Bxg4 14. f3 Bd7 15.
g4 h6 16. Nh3 b5 17. Nf4 bxa4 18. Nxa4 Qxd2+ 19. Kxd2 g5 20. Nb6 gxf4 21. Nxa8
Bb5 22. Nc7 Bd7 23. Nxa6 Nxa6 24. Rxa6 Kf7 25. Ra7 Rd8 26. Rha1 Ke8 27. Ra8 e5
28. dxe6 Bxe6 29. Rxd8+ Kxd8 30. Ra7 Bd7 31. c3 Ke7 32. b4 Ke6 33. Rxd7 Kxd7
34. Kd3 Kc6 35. Kc4 Kb6 36. Kd5 Kb5 37. Kxd6 cxb4 38. cxb4 Kxb4 39. Ke6 Kc4 40.
Kxf6 1-0

[Event "20. Obert Int. Sant Marti 2018"]
[Site "Barcelona ESP"]
[Date "2018.07.18"]
[Round "6.49"]
[White "Yang, Jack Nathaniel"]
[Black "Rojas Fernandez, Andres"]
[Result "0-1"]
[WhiteElo "1661"]
[BlackElo "1933"]
[PlyCount "72"]
[EventDate "2018.07.13"]
[EventType "swiss"]
[EventRounds "9"]
[EventCountry "ESP"]
[SourceTitle "Ajedrez en Madrid"]
[Source "lmi"]
[SourceDate "2018.07.13"]
[SourceVersion "1"]
[SourceVersionDate "2019.06.21"]
[SourceQuality "1"]

1. d4 d5 2. c4 e6 3. Nc3 Nf6 4. cxd5 exd5 5. Bg5 Be7 6. e3 O-O 7. Bd3 c6 8. Qc2
h6 9. Bf4 Bd6 10. Bxd6 Qxd6 11. O-O-O b5 12. Kb1 Na6 13. f3 Nb4 14. Qd2 Nxd3
15. Qxd3 Re8 16. e4 dxe4 17. fxe4 Ng4 18. Qd2 b4 19. Na4 Rxe4 20. Nc5 Re7 21.
Nf3 Bf5+ 22. Ka1 Ne3 23. Rc1 Rae8 24. Ne5 Rxe5 25. Nb7 Qd5 26. Rc5 Qd7 27. Rxe5
Rxe5 28. Nc5 Rxc5 29. Qxe3 Rd5 30. Rf1 Rxd4 31. Qc1 b3 32. axb3 Qd5 33. Qc3 Rd3
34. Qc4 Qe5 35. Qb4 Rd5 36. Rf4 Ra5+ 0-1

[Event "20. Obert Int. Sant Marti 2018"]
[Site "Barcelona ESP"]
[Date "2018.07.18"]
[Round "6.50"]
[White "Garcia Ruiz, Adrian"]
[Black "Roa Ribera, Alvaro"]
[Result "1-0"]
[WhiteElo "1995"]
[BlackElo "1742"]
[PlyCount "93"]
[EventDate "2018.07.13"]
[EventType "swiss"]
[EventRounds "9"]
[EventCountry "ESP"]
[SourceTitle "Ajedrez en Madrid"]
[Source "lmi"]
[SourceDate "2018.07.13"]
[SourceVersion "1"]
[SourceVersionDate "2019.06.21"]
[SourceQuality "1"]

1. c4 e5 2. g3 Nc6 3. Bg2 f5 4. Nc3 Nf6 5. e3 d6 6. d3 g5 7. Nge2 Bg7 8. Rb1
O-O 9. b4 Qe8 10. Nd5 Nxd5 11. cxd5 Ne7 12. Qc2 f4 13. gxf4 exf4 14. Be4 fxe3
15. Bxe3 Nf5 16. Qxc7 Nxe3 17. fxe3 Bf5 18. Bxf5 Rxf5 19. e4 Rf3 20. Kd2 Qa4
21. Qc2 Qa6 22. Rhf1 g4 23. Rxf3 gxf3 24. Ng3 Bh6+ 25. Ke1 Rf8 26. Nf5 Bf4 27.
Rd1 Qb6 28. Qf2 Qxb4+ 29. Kf1 Qb6 30. Qxb6 axb6 31. Rb1 Rxf5 32. exf5 Be3 33.
Rb4 Kf7 34. Re4 Bc5 35. d4 Bb4 36. Kf2 Kf6 37. Rf4 Bd2 38. Rxf3 h5 39. Ke2 Bb4
40. h3 b5 41. Kd3 Ba3 42. Ke4 b4 43. Rg3 Bc1 44. Rg6+ Ke7 45. Rg7+ Kf6 46. Rxb7
Bd2 47. Rd7 1-0

[Event "20. Obert Int. Sant Marti 2018"]
[Site "Barcelona ESP"]
[Date "2018.07.18"]
[Round "6.51"]
[White "Bernat, Ernest"]
[Black "Rusconi, Benito"]
[Result "0-1"]
[WhiteElo "1880"]
[BlackElo "1981"]
[PlyCount "52"]
[EventDate "2018.07.13"]
[EventType "swiss"]
[EventRounds "9"]
[EventCountry "ESP"]
[SourceTitle "Ajedrez en Madrid"]
[Source "lmi"]
[SourceDate "2018.07.13"]
[SourceVersion "1"]
[SourceVersionDate "2019.06.21"]
[SourceQuality "1"]

1. e4 c5 2. Nf3 d6 3. d4 cxd4 4. Nxd4 Nf6 5. Nc3 g6 6. Be3 Bg7 7. Bc4 O-O 8. f3
Nc6 9. Qd2 Bd7 10. Bb3 Rc8 11. O-O-O Ne5 12. Kb1 Nc4 13. Bxc4 Rxc4 14. Nde2 b5
15. h4 b4 16. Nd5 Nxd5 17. exd5 Qa5 18. g4 Rfc8 19. Rc1 h5 20. gxh5 Bf5 21. Nd4
Bxd4 22. Bxd4 Rxc2 23. Rxc2 Rxc2 24. Qxc2 Bxc2+ 25. Kxc2 Qxd5 26. Rd1 Qxh5 0-1

[Event "20. Obert Int. Sant Marti 2018"]
[Site "Barcelona ESP"]
[Date "2018.07.18"]
[Round "6.52"]
[White "Claramunt Bassegoda, Marcel"]
[Black "Llorens Gou, Juan"]
[Result "1-0"]
[WhiteElo "1894"]
[BlackElo "1717"]
[PlyCount "61"]
[EventDate "2018.07.13"]
[EventType "swiss"]
[EventRounds "9"]
[EventCountry "ESP"]
[SourceTitle "Ajedrez en Madrid"]
[Source "lmi"]
[SourceDate "2018.07.13"]
[SourceVersion "1"]
[SourceVersionDate "2019.06.21"]
[SourceQuality "1"]

1. d4 d5 2. Bf4 c6 3. e3 Nf6 4. Bd3 Qb6 5. b3 e6 6. Nf3 Qa5+ 7. c3 Qd8 8. Nbd2
Be7 9. Ne5 Nbd7 10. Ndf3 Ne4 11. Nxd7 Bxd7 12. Bxe4 dxe4 13. Nd2 f5 14. f3 exf3
15. Qxf3 O-O 16. O-O g5 17. Be5 g4 18. Qe2 Bf6 19. Bg3 h5 20. e4 h4 21. Bf4 Bg5
22. Nc4 Bxf4 23. Rxf4 Qg5 24. Raf1 Rae8 25. Ne5 Qd8 26. Rxg4+ fxg4 27. Qxg4+
Kh7 28. Qh5+ Kg7 29. Qg6+ Kh8 30. Rf7 Rxf7 31. Nxf7# 1-0

[Event "20. Obert Int. Sant Marti 2018"]
[Site "Barcelona ESP"]
[Date "2018.07.18"]
[Round "6.53"]
[White "Lorenzo Martinez, Ruben"]
[Black "Oualili, Abdelali"]
[Result "1/2-1/2"]
[WhiteElo "1846"]
[BlackElo "1887"]
[PlyCount "89"]
[EventDate "2018.07.13"]
[EventType "swiss"]
[EventRounds "9"]
[EventCountry "ESP"]
[SourceTitle "Ajedrez en Madrid"]
[Source "lmi"]
[SourceDate "2018.07.13"]
[SourceVersion "1"]
[SourceVersionDate "2019.06.21"]
[SourceQuality "1"]

1. d4 d5 2. Bf4 e6 3. e3 Bd6 4. Bg3 Nf6 5. Nf3 b6 6. Bd3 Bb7 7. Nbd2 O-O 8. Ne5
c5 9. c3 Ne4 10. Qc2 f5 11. O-O Nxg3 12. hxg3 Nd7 13. f4 Nf6 14. Ndf3 c4 15.
Be2 Ne4 16. g4 Bxe5 17. Nxe5 fxg4 18. Bxg4 Rf6 19. Rf3 b5 20. f5 Bc8 21. fxe6
Bxe6 22. Nc6 Qe8 23. Rxf6 Nxf6 24. Bxe6+ Qxe6 25. Ne5 a5 26. a4 b4 27. b3 bxc3
28. bxc4 dxc4 29. Qxc3 Rc8 30. Rc1 Ne4 31. Qb2 c3 32. Qb7 Ng3 33. Kf2 Nf5 34.
Qd7 Qa2+ 35. Kg1 Rf8 36. Rc2 Qa1+ 37. Kh2 g6 38. e4 Ne3 39. Qe6+ Kg7 40. Qe7+
Kg8 41. Nd7 Rf7 42. Qe8+ Kg7 43. Ne5 Rf1 44. Qe7+ Kg8 45. Qe8+ 1/2-1/2

[Event "20. Obert Int. Sant Marti 2018"]
[Site "Barcelona ESP"]
[Date "2018.07.18"]
[Round "6.54"]
[White "Martinez Aguero, Francisco"]
[Black "Romero Gamez, Francisco Javier"]
[Result "1/2-1/2"]
[WhiteElo "1504"]
[BlackElo "1540"]
[PlyCount "72"]
[EventDate "2018.07.13"]
[EventType "swiss"]
[EventRounds "9"]
[EventCountry "ESP"]
[SourceTitle "Ajedrez en Madrid"]
[Source "lmi"]
[SourceDate "2018.07.13"]
[SourceVersion "1"]
[SourceVersionDate "2019.06.21"]
[SourceQuality "1"]

1. e4 e5 2. Nf3 Nc6 3. Bc4 Bc5 4. a3 d6 5. d3 a6 6. b4 Ba7 7. Bb2 Nf6 8. Nbd2
O-O 9. O-O Bg4 10. Qe1 b5 11. Ba2 Be6 12. c4 bxc4 13. dxc4 Nh5 14. Qd1 Nf4 15.
Bb1 Ne7 16. Ng5 Neg6 17. Nxe6 Nxe6 18. g3 Qf6 19. Qf3 Qxf3 20. Nxf3 Ne7 21. Bc2
f5 22. Kg2 f4 23. Nh4 fxg3 24. hxg3 Bd4 25. Bxd4 Nxd4 26. Bd3 g5 27. Nf5 Ndxf5
28. exf5 Nxf5 29. Be4 Rab8 30. Rh1 h6 31. Bxf5 Rxf5 32. Rxh6 Rbf8 33. Rf1 Kg7
34. Re6 Kf7 35. Rh6 Kg7 36. Re6 Kf7 1/2-1/2

[Event "20. Obert Int. Sant Marti 2018"]
[Site "Barcelona ESP"]
[Date "2018.07.18"]
[Round "6.55"]
[White "Ji, Pablo"]
[Black "Robert, Thibaud"]
[Result "1-0"]
[WhiteElo "1774"]
[BlackElo "1830"]
[PlyCount "87"]
[EventDate "2018.07.13"]
[EventType "swiss"]
[EventRounds "9"]
[EventCountry "ESP"]
[SourceTitle "Ajedrez en Madrid"]
[Source "lmi"]
[SourceDate "2018.07.13"]
[SourceVersion "1"]
[SourceVersionDate "2019.06.21"]
[SourceQuality "1"]

1. e4 e6 2. d4 d5 3. Nc3 Bb4 4. e5 Ne7 5. Nf3 b6 6. a3 Bxc3+ 7. bxc3 Ba6 8.
Bxa6 Nxa6 9. Qd3 Qc8 10. h4 h5 11. Bd2 c5 12. Qb5+ Kf8 13. Qd3 Nf5 14. Bg5 Nc7
15. O-O Qa6 16. Qd2 cxd4 17. cxd4 Qa4 18. Rfb1 Na6 19. Rb3 Ke8 20. Rab1 Kd7 21.
c3 Rac8 22. Ne1 Rc4 23. Nd3 Rhc8 24. Nf4 g6 25. Ne2 Qa5 26. Qd3 Nc7 27. f3 b5
28. g4 hxg4 29. fxg4 Ne7 30. Qf3 Ke8 31. Qf6 Ng8 32. Qg7 Kd7 33. Qxf7+ Kc6 34.
h5 gxh5 35. gxh5 Qb6 36. h6 Nxh6 37. Bxh6 Qb8 38. Nf4 Rh8 39. Bg7 Rh4 40. Kf2
Kb6 41. Nxe6 a6 42. Bf6 Rh2+ 43. Kg3 Rc2 44. Bd8 1-0